[Event "VIII Open Primavera"]
[Site "Robecchetto con Induno ITA"]
[Date "2011.04.21"]
[Round "3"]
[White "Salerno, Christian"]
[Black "Turchi, Alessandro"]
[Result "0-1"]
[WhiteElo "1546"]
[BlackElo "1548"]
[PlyCount "102"]
[EventDate "2011.04.07"]

1. d4 Nf6 2. Nf3 g6 3. Nbd2 Bg7 4. e4 d6 5. Bd3 e5 6. dxe5 dxe5 7. O-O Nc6 8.
b3 O-O 9. Bb2 Nd7 10. Nc4 Qe7 11. Qe2 Nc5 12. Rfd1 Bg4 13. h3 Bxf3 14. Qxf3
Rad8 15. c3 b5 16. Ba3 a5 17. Ne3 b4 18. Nd5 Qg5 19. Bc1 Qh4 20. Be3 Nxd3 21.
Rxd3 f5 22. Rad1 fxe4 23. Bg5 Qxg5 24. Qxe4 bxc3 25. Qc4 Nd4 26. Rg3 Qh4 27.
Nxc3+ Kh8 28. Rf1 e4 29. Re3 Rfe8 30. Qf7 Qe7 31. Qc4 Qf6 32. Nd1 Nf5 33. Qxc7
Nxe3 34. Nxe3 Rf8 35. Ng4 Qf7 36. Qxa5 h5 37. Ne3 Bd4 38. Qd2 Bxe3 39. Qxe3 Qf4
40. Qc3+ Kh7 41. h4 e3 42. Kh1 e2 43. Re1 Qxf2 44. Qc7+ Kh8 45. Qe5+ Qf6 46.
Qxe2 Rde8 47. Qxe8 Rxe8 48. Rxe8+ Kg7 49. Re3 Qf1+ 50. Kh2 Qf4+ 51. Rg3 g5 0-1

[Event "VIII Open Primavera"]
[Site "Robecchetto con Induno ITA"]
[Date "2011.04.28"]
[Round "4"]
[White "Koureas, Panicos"]
[Black "De Dominicis, Arrigo"]
[Result "1-0"]
[WhiteElo "1395"]
[BlackElo "1387"]
[PlyCount "99"]
[EventDate "2011.04.07"]

1. d4 d5 2. Nf3 Nf6 3. e3 e6 4. Bd3 Bd6 5. O-O Ne4 6. b3 Qe7 7. a3 O-O 8. Nbd2
e5 9. c4 Nxd2 10. Nxd2 Qg5 11. e4 Bh3 12. Qf3 Bg4 13. Qe3 Qh5 14. h3 exd4 15.
Qe1 Nc6 16. f4 Bxh3 17. Qg3 Qg4 18. Qxh3 Qxh3 19. gxh3 dxe4 20. Nxe4 Ne7 21.
Nxd6 cxd6 22. Bb2 Nc6 23. b4 Rfe8 24. Bf5 Re3 25. Rad1 g6 26. Bd7 d3 27. Bxc6
bxc6 28. Kh2 Re2+ 29. Kg3 Rxb2 30. Rxd3 Re8 31. Kh4 c5 32. b5 Rd8 33. Rfd1 Rc2
34. Rxd6 Rxd6 35. Rxd6 Rxc4 36. Kg5 Kg7 37. Ra6 h6+ 38. Kg4 h5+ 39. Kg5 f6+ 40.
Rxf6 Rc3 41. Rxg6+ Kf7 42. Ra6 Rxh3 43. Rxa7+ Ke6 44. b6 Rb3 45. Ra6 Kd7 46. f5
Kc8 47. f6 Rf3 48. Ra5 Kb7 49. Rxc5 Kxb6 50. Rf5 1-0

[Event "VIII Open Primavera"]
[Site "Robecchetto con Induno ITA"]
[Date "2011.04.28"]
[Round "4"]
[White "Libutti, Michele"]
[Black "Salerno, Christian"]
[Result "0-1"]
[WhiteElo "1776"]
[BlackElo "1546"]
[PlyCount "60"]
[EventDate "2011.04.07"]

1. d4 d5 2. c4 c6 3. Nf3 Nf6 4. Nc3 e6 5. Bg5 Be7 6. e3 Nbd7 7. Bd3 dxc4 8.
Bxc4 b5 9. Bd3 Bb7 10. O-O a6 11. Bxf6 Nxf6 12. a4 O-O 13. Qe2 Qb6 14. Rfc1
Rfd8 15. Ne5 c5 16. axb5 cxd4 17. Na4 Qd6 18. Nc4 Qd5 19. e4 Qh5 20. Qxh5 Nxh5
21. Na5 Nf4 22. Ra3 Bxa3 23. bxa3 Nxd3 24. Rd1 Bxe4 25. f3 axb5 26. fxe4 Rxa5
27. Rxd3 Rxa4 28. Kf2 Rc8 29. Rb3 Rc2+ 30. Ke1 g6 0-1

[Event "VIII Open Primavera"]
[Site "Robecchetto con Induno ITA"]
[Date "2011.04.28"]
[Round "4"]
[White "Madaschi, Sergio"]
[Black "Loaldi, Davide"]
[Result "1-0"]
[WhiteElo "1620"]
[BlackElo "1619"]
[PlyCount "53"]
[EventDate "2011.04.07"]

1. d4 d5 2. Nf3 Nf6 3. Nbd2 e6 4. e3 Bd6 5. Bd3 O-O 6. O-O Nbd7 7. c3 c5 8. Qe2
cxd4 9. cxd4 b6 10. e4 dxe4 11. Nxe4 Nxe4 12. Qxe4 Nf6 13. Qxa8 Qc7 14. Be4
Nxe4 15. Qxe4 Bb7 16. Qe2 Bxf3 17. Qxf3 Bxh2+ 18. Kh1 Bd6 19. Be3 Qc2 20. b3
Qg6 21. Bf4 Bxf4 22. Qxf4 Rd8 23. Rac1 Qd3 24. Rfd1 Qe2 25. Rd2 Qh5+ 26. Kg1
Qd5 27. Rdc2 1-0

[Event "VIII Open Primavera"]
[Site "Robecchetto con Induno ITA"]
[Date "2011.04.28"]
[Round "4"]
[White "Melino, Gianluca"]
[Black "Bencivenga, Antonio"]
[Result "1-0"]
[WhiteElo "1769"]
[BlackElo "1410"]
[PlyCount "109"]
[EventDate "2011.04.07"]

1. d4 e6 2. Nf3 d5 3. e3 Nf6 4. Bd3 c5 5. b3 cxd4 6. exd4 Nc6 7. a3 a5 8. Bb2
Be7 9. O-O O-O 10. Nbd2 Re8 11. Ne5 Bf8 12. Nxc6 bxc6 13. Nf3 g6 14. Ne5 Bb7
15. Re1 Bg7 16. c3 Rc8 17. b4 Ra8 18. Qe2 Nh5 19. Bc1 f6 20. Nxg6 hxg6 21. Bxg6
f5 22. Qxh5 Kf8 23. Bxe8 Qxe8 24. Qxe8+ Rxe8 25. Bf4 a4 26. Re2 Ba6 27. Re3 Kf7
28. Rae1 Bc8 29. Rh3 Kg6 30. Rhe3 Kf7 31. h4 Kg6 32. Be5 Bxe5 33. Rxe5 Kh5 34.
g3 Kg4 35. Kg2 Rf8 36. f3+ Kh5 37. Kh3 Kg6 38. Kg2 Rf6 39. g4 fxg4 40. fxg4 Rf8
41. Rf1 Rxf1 42. Kxf1 Kf6 43. Kg2 Bd7 44. Kf3 Be8 45. Kf4 Bf7 46. h5 Bg8 47.
g5+ Kf7 48. Re2 Ke7 49. Ke5 Bf7 50. g6 Be8 51. Rf2 Kd7 52. Rf7+ Bxf7 53. gxf7
Ke7 54. f8=Q+ Kxf8 55. Kf6 1-0

[Event "VIII Open Primavera"]
[Site "Robecchetto con Induno ITA"]
[Date "2011.04.22"]
[Round "4"]
[White "Ragoso, Mario"]
[Black "Macchiettini, Pierangelo"]
[Result "0-1"]
[WhiteElo "1688"]
[BlackElo "1775"]
[PlyCount "86"]
[EventDate "2011.04.07"]

1. e4 c5 2. c3 d6 3. d4 cxd4 4. cxd4 e6 5. Nf3 Nf6 6. Nc3 a6 7. Bd3 Be7 8. O-O
Nbd7 9. Be3 O-O 10. Qc2 g6 11. Rad1 Qc7 12. Bh6 Re8 13. h3 b5 14. Rfe1 Bb7 15.
Ng5 b4 16. e5 dxe5 17. dxe5 Nxe5 18. Nce4 Qxc2 19. Bxc2 Rad8 20. Nxf6+ Bxf6 21.
Ne4 Bxe4 22. Bxe4 Rxd1 23. Rxd1 Rd8 24. Rc1 Nd7 25. b3 Rb8 26. Kf1 a5 27. Rc7
Nb6 28. Ra7 Nd5 29. Bxd5 exd5 30. Rxa5 d4 31. Rd5 Bh8 32. Ke1 f5 33. Kd1 Bf6
34. Kd2 Ra8 35. Rb5 Rxa2+ 36. Ke1 d3 37. Rb8+ Kf7 38. Rb7+ Ke6 39. Rb6+ Ke7 40.
Rb7+ Kd8 41. Rxh7 Bc3+ 42. Kd1 Ra1+ 43. Bc1 d2 0-1

[Event "VIII Open Primavera"]
[Site "Robecchetto con Induno ITA"]
[Date "2011.04.28"]
[Round "4"]
[White "Rigoli, Marco"]
[Black "Sartorio, Alessandro"]
[Result "1-0"]
[WhiteElo "1389"]
[BlackElo "1332"]
[PlyCount "131"]
[EventDate "2011.04.07"]

1. c4 e5 2. Nc3 Nf6 3. Nf3 Nc6 4. e3 Bb4 5. Qc2 Bxc3 6. Qxc3 O-O 7. Nxe5 d5 8.
Nxc6 bxc6 9. d3 c5 10. Be2 d4 11. Qc2 Bb7 12. O-O Qd7 13. e4 Rfe8 14. Bg5 Ng4
15. Bf4 Re6 16. Bxg4 f5 17. Bxf5 Rf8 18. Bxe6+ Qxe6 19. Bxc7 Qg6 20. Bg3 h5 21.
Qd2 h4 22. Bxh4 Rf5 23. Bg3 Rh5 24. f4 Bc8 25. f5 Qh7 26. Qf4 Bd7 27. Qb8+ Kf7
28. Qc7 Ke8 29. Qxa7 Qh6 30. Qb8+ Ke7 31. Qf4 g5 32. f6+ Kf7 33. Qd6 Bg4 34.
Qe7+ Kg6 35. Qg7+ Qxg7 36. fxg7 Kxg7 37. a4 Be2 38. Rfd1 Bxd1 39. Rxd1 Rh8 40.
Ra1 Ra8 41. Kf2 Kg6 42. Kf3 Kf6 43. Bd6 Ra5 44. e5+ Ke6 45. Kg4 Kf7 46. Kxg5
Kg8 47. h4 Kg7 48. h5 Kh8 49. e6 Kh7 50. e7 Ra8 51. Bxc5 Rg8+ 52. Kh4 Re8 53.
a5 Ra8 54. b4 Rb8 55. b5 Rg8 56. g3 Kh6 57. a6 Rg5 58. a7 Rxh5+ 59. Kg4 Rg5+
60. Kf3 Rxc5 61. a8=Q Rf5+ 62. Kg2 Kg6 63. Rf1 Re5 64. Qg8+ Kh6 65. Rh1+ Rh5
66. Rxh5+ 1-0

[Event "VIII Open Primavera"]
[Site "Robecchetto con Induno ITA"]
[Date "2011.04.28"]
[Round "4"]
[White "Santarelli, Sabatino"]
[Black "Redamante, Marzio"]
[Result "1-0"]
[WhiteElo "1654"]
[BlackElo "1497"]
[PlyCount "93"]
[EventDate "2011.04.07"]

1. e4 c6 2. d4 d5 3. e5 Bf5 4. Ne2 e6 5. Ng3 Bg6 6. Bd3 Bxd3 7. Qxd3 g6 8. Nd2
Bg7 9. Nf3 Ne7 10. O-O O-O 11. Bg5 Nd7 12. Qd2 b6 13. h4 Re8 14. h5 Bf8 15. Nh2
c5 16. c3 cxd4 17. cxd4 Qc7 18. Rac1 Qb7 19. Ng4 gxh5 20. Nf6+ Nxf6 21. Bxf6
Ng6 22. Nxh5 Rec8 23. Qg5 Rc4 24. Rfd1 Rac8 25. Qe3 Qc6 26. Bg5 Bg7 27. Rxc4
dxc4 28. Nf6+ Bxf6 29. Bxf6 Kf8 30. Qh6+ Ke8 31. Qxh7 Qd7 32. Qg8+ Nf8 33. Qg4
Qb5 34. Qe2 Qa4 35. a3 Kd7 36. Rc1 Ng6 37. Qe4 Kc7 38. d5 exd5 39. Qxd5 b5 40.
Qxf7+ Kb8 41. Qxg6 b4 42. e6 bxa3 43. bxa3 Qxa3 44. Be5+ Kb7 45. Rb1+ Kc6 46.
Qe4+ Kc5 47. Qd4+ 1-0

[Event "VIII Open Primavera"]
[Site "Robecchetto con Induno ITA"]
[Date "2011.04.28"]
[Round "4"]
[White "Turini, Gianluca"]
[Black "Barrera, Pietro"]
[Result "1-0"]
[WhiteElo "1809"]
[BlackElo "1884"]
[PlyCount "81"]
[EventDate "2011.04.07"]

1. d4 g6 2. c4 Bg7 3. Nf3 d6 4. Nc3 a6 5. e4 Nd7 6. Be3 b6 7. Bd3 Bb7 8. O-O h5
9. Qc2 c5 10. d5 Ngf6 11. Ng5 O-O 12. f4 Ng4 13. Nd1 Nxe3 14. Nxe3 Bd4 15. Rae1
Bc8 16. Kh1 Qe8 17. a3 Rb8 18. b4 b5 19. cxb5 axb5 20. Qe2 c4 21. Bb1 Ra8 22.
Nc2 Bg7 23. Rd1 Nb6 24. f5 Na4 25. Qf3 Nb2 26. Rde1 Nd3 27. Re3 Bh6 28. h4 Ne5
29. Qe2 f6 30. Ne6 Bxe3 31. Qxe3 Bxe6 32. dxe6 Kg7 33. Nd4 Ng4 34. Qc1 g5 35.
hxg5 fxg5 36. Qxg5+ Kh7 37. f6 exf6 38. e5+ Kh8 39. exf6 Qe7 40. Qxh5+ Kg8 41.
Qxg4+ 1-0

[Event "VIII Open Primavera"]
[Site "Robecchetto con Induno ITA"]
[Date "2011.04.28"]
[Round "4"]
[White "Volpe, Antonio"]
[Black "Novi', Giuseppe"]
[Result "0-1"]
[WhiteElo "1715"]
[BlackElo "1816"]
[PlyCount "70"]
[EventDate "2011.04.07"]

1. e4 c6 2. f4 d5 3. e5 Bf5 4. Nf3 e6 5. d4 c5 6. Bb5+ Nc6 7. O-O Nh6 8. c3 Be7
9. Nbd2 O-O 10. h3 Qb6 11. Bxc6 bxc6 12. g4 Bd3 13. Rf2 cxd4 14. cxd4 c5 15.
Nf1 Be4 16. Be3 Rac8 17. Ng3 Bg6 18. f5 exf5 19. Bxh6 fxg4 20. hxg4 gxh6 21.
Nf5 Qe6 22. Nxe7+ Qxe7 23. Qd2 Kg7 24. Raf1 cxd4 25. Rh2 Rc2 26. Qxh6+ Kg8 27.
Rxc2 Bxc2 28. Rf2 Bg6 29. Qd2 d3 30. g5 Qe6 31. Qf4 Qc8 32. Nh4 Be4 33. Nf5
Bxf5 34. Qxf5 Qxf5 35. Rxf5 d2 0-1

[Event "VIII Open Primavera"]
[Site "Robecchetto con Induno ITA"]
[Date "2011.05.05"]
[Round "5"]
[White "Barrera, Pietro"]
[Black "Turchi, Alessandro"]
[Result "1-0"]
[WhiteElo "1884"]
[BlackElo "1548"]
[PlyCount "59"]
[EventDate "2011.04.07"]

1. d4 Nf6 2. Bg5 g6 3. Nf3 Bg7 4. e3 O-O 5. Bd3 d6 6. Nbd2 Nbd7 7. O-O c5 8. c3
a6 9. a4 Rb8 10. Qe2 Qc7 11. b4 b6 12. Bxa6 Bxa6 13. Qxa6 b5 14. axb5 Rb6 15.
Qa5 Rfb8 16. bxc5 dxc5 17. Nc4 R6b7 18. Qxc7 Rxc7 19. Bf4 e5 20. Ncxe5 Rbc8 21.
Nc6 Rxc6 22. bxc6 Rxc6 23. Ne5 Nxe5 24. Ra8+ Bf8 25. Bxe5 cxd4 26. cxd4 Nd7 27.
Bf4 Kg7 28. h3 Nb6 29. Ra6 Be7 30. d5 1-0

[Event "VIII Open Primavera"]
[Site "Robecchetto con Induno ITA"]
[Date "2011.05.05"]
[Round "5"]
[White "Bencivenga, Antonio"]
[Black "Rigoli, Marco"]
[Result "1/2-1/2"]
[WhiteElo "1410"]
[BlackElo "1389"]
[PlyCount "63"]
[EventDate "2011.04.07"]

1. d4 d5 2. Nf3 e6 3. Bf4 Bd6 4. Bg3 c5 5. e3 Nc6 6. Be2 Nf6 7. Ne5 Qc7 8. Bb5
O-O 9. Bxc6 bxc6 10. c3 cxd4 11. exd4 c5 12. O-O cxd4 13. cxd4 Ba6 14. Re1 Bb4
15. Nc3 Bxc3 16. Rc1 Ne4 17. bxc3 Nxg3 18. hxg3 f6 19. Ng4 Bc8 20. f4 Bd7 21.
Re3 Rab8 22. Rb1 Rxb1 23. Qxb1 Rb8 24. Qc1 Qa5 25. Re2 Qb5 26. Rd2 a5 27. Nf2
Qb1 28. Qxb1 Rxb1+ 29. Kh2 Rc1 30. Nd1 Ba4 31. Nb2 Bd7 32. Nd1 1/2-1/2

[Event "VIII Open Primavera"]
[Site "Robecchetto con Induno ITA"]
[Date "2011.05.05"]
[Round "5"]
[White "Colli, Gianmaria"]
[Black "Redamante, Marzio"]
[Result "1/2-1/2"]
[WhiteElo "1520"]
[BlackElo "1497"]
[PlyCount "142"]
[EventDate "2011.04.07"]

1. Nf3 d5 2. d4 Bf5 3. e3 Nf6 4. c4 e6 5. Qb3 b6 6. Nc3 c5 7. cxd5 exd5 8. Bb5+
Bd7 9. Bxd7+ Qxd7 10. Ne5 Qd8 11. Qb5+ Nbd7 12. Nxd7 Qxd7 13. Qxd7+ Kxd7 14.
dxc5 bxc5 15. O-O a6 16. g3 Rd8 17. b3 h5 18. Bb2 h4 19. Kg2 Be7 20. Rad1 Ke8
21. Ne2 g5 22. g4 Rh6 23. h3 Ne4 24. Nc3 Nxc3 25. Bxc3 Bf6 26. Rc1 Bxc3 27.
Rxc3 Rc6 28. Rfc1 Rdc8 29. Kf3 Ke7 30. Ke2 Ke6 31. f3 f5 32. Rd3 fxg4 33. fxg4
Ke5 34. Rf1 c4 35. Rf5+ Ke6 36. bxc4 dxc4 37. Rc3 Rc5 38. e4 Rxf5 39. exf5+ Ke5
40. Ke3 Kd5 41. Kd2 Ke4 42. f6 Kd4 43. f7 Rf8 44. Rf3 Ke4 45. Rf5 Kd4 46. Kc2
c3 47. a3 Kc4 48. a4 Kb4 49. a5 Kc4 50. Rf3 Kb4 51. Rf5 Kc4 52. Rf6 Kb4 53. Rf5
Kc4 54. Rxg5 Rxf7 55. Rf5 Rd7 56. Rf4+ Kb5 57. Kxc3 Kxa5 58. g5 Rd5 59. g6 Rg5
60. Rxh4 Rxg6 61. Rg4 Rh6 62. h4 Kb6 63. Kb4 a5+ 64. Ka4 Rh5 65. Rg6+ Kb7 66.
Rg4 Kc6 67. Kb3 Kd6 68. Ka4 Ke6 69. Rc4 Kf6 70. Kb3 Kg6 71. Kc3 Rf5 1/2-1/2

[Event "VIII Open Primavera"]
[Site "Robecchetto con Induno ITA"]
[Date "2011.05.05"]
[Round "5"]
[White "Loaldi, Davide"]
[Black "Ragoso, Mario"]
[Result "1/2-1/2"]
[WhiteElo "1619"]
[BlackElo "1688"]
[PlyCount "54"]
[EventDate "2011.04.07"]

1. d4 Nf6 2. Nf3 d6 3. e3 g6 4. b3 Bg7 5. Bb2 O-O 6. Bd3 Nbd7 7. O-O c5 8. Nbd2
a6 9. a4 b5 10. e4 Bb7 11. Qe2 cxd4 12. Bxd4 Nc5 13. Rfe1 Nxd3 14. Qxd3 Rc8 15.
Rac1 e5 16. Bb2 Re8 17. Ba3 d5 18. exd5 Nxd5 19. Ne4 f5 20. Nd6 e4 21. Nxb7
exd3 22. Nxd8 Rxe1+ 23. Rxe1 Rxd8 24. cxd3 Nf4 25. d4 Bxd4 26. Nxd4 Rxd4 27.
Re8+ Kf7 1/2-1/2

[Event "VIII Open Primavera"]
[Site "Robecchetto con Induno ITA"]
[Date "2011.05.05"]
[Round "5"]
[White "Macchiettini, Pierangelo"]
[Black "Turini, Gianluca"]
[Result "0-1"]
[WhiteElo "1775"]
[BlackElo "1809"]
[PlyCount "54"]
[EventDate "2011.04.07"]

1. d4 g6 2. c4 Bg7 3. Nc3 Nf6 4. e4 d6 5. f4 O-O 6. Nf3 Na6 7. Be2 c5 8. d5 e6
9. O-O exd5 10. cxd5 Nc7 11. Qc2 Re8 12. Kh1 a6 13. a4 Qe7 14. Bd3 Bd7 15. Re1
Nfxd5 16. Bd2 Nb4 17. Qb1 Nxd3 18. Qxd3 Bc6 19. Nd5 Bxd5 20. exd5 Qd7 21. Bc3
Rxe1+ 22. Rxe1 Qxa4 23. f5 Re8 24. Rf1 Qe4 25. Qd2 Qe2 26. Qc1 Bh6 27. Ng5 Bxg5
0-1

[Event "VIII Open Primavera"]
[Site "Robecchetto con Induno ITA"]
[Date "2011.05.05"]
[Round "5"]
[White "Novi', Giuseppe"]
[Black "Madaschi, Sergio"]
[Result "1-0"]
[WhiteElo "1816"]
[BlackElo "1620"]
[PlyCount "81"]
[EventDate "2011.04.07"]

1. e4 c5 2. Nf3 e6 3. c3 Nf6 4. e5 Nd5 5. Bc4 Nb6 6. Bb3 Be7 7. O-O O-O 8. d4
d5 9. Be3 cxd4 10. cxd4 Nc6 11. Nc3 Bd7 12. Rc1 Rc8 13. Bc2 Nc4 14. b3 Nxe3 15.
fxe3 a5 16. Ne2 f5 17. exf6 Bxf6 18. Qd3 g6 19. a3 Qe7 20. b4 Qg7 21. Nf4 Rfe8
22. Nd2 Nb8 23. Rf3 Bc6 24. Qb3 Kh8 25. Rh3 Kg8 26. a4 Bd7 27. Rf1 Rf8 28. Rg3
Qe7 29. Bxg6 Bh4 30. Rg4 Bg5 31. Bb1 Kh8 32. Qd3 Rg8 33. Nf3 Bxf4 34. Rxf4 Qg7
35. g3 Bxa4 36. Ne5 Bb5 37. Qd1 Be8 38. Nf7+ Bxf7 39. Rxf7 Qxg3+ 40. hxg3 Rxg3+
41. Kh2 1-0

[Event "VIII Open Primavera"]
[Site "Robecchetto con Induno ITA"]
[Date "2011.04.29"]
[Round "5"]
[White "Ongaro, Andrea"]
[Black "Volpe, Antonio"]
[Result "1-0"]
[WhiteElo "1528"]
[BlackElo "1715"]
[PlyCount "99"]
[EventDate "2011.04.07"]

1. e4 g6 2. d4 Bg7 3. Nc3 e6 4. Be3 d6 5. Qd2 h6 6. f4 Ne7 7. Nf3 Nd7 8. O-O-O
a6 9. g4 b5 10. e5 Bb7 11. Bg2 Rb8 12. Rhg1 Nb6 13. b3 b4 14. Ne2 a5 15. Ng3
Ned5 16. Ne2 Nxe3 17. Qxe3 Nd5 18. Qd3 Ra8 19. Qb5+ Qd7 20. Qxd7+ Kxd7 21. Nd2
Rhb8 22. f5 a4 23. fxe6+ fxe6 24. Bxd5 Bxd5 25. Rgf1 Ke7 26. Nf4 axb3 27. Nxg6+
Ke8 28. axb3 Ra2 29. h4 Rba8 30. Rf2 Ra1+ 31. Nb1 R8a2 32. Rdf1 Be4 33. Nf4 Kd7
34. Nh5 Bh8 35. Nf6+ Bxf6 36. exf6 Ke8 37. Re1 d5 38. g5 hxg5 39. hxg5 Kf7 40.
Re3 Ra8 41. Re1 Rh8 42. Kb2 Ra5 43. Nd2 Bg6 44. Nf3 Bf5 45. Ne5+ Kf8 46. Rxf5
exf5 47. Ng6+ Kg8 48. Nxh8 Kxh8 49. Re8+ Kh7 50. f7 1-0

[Event "VIII Open Primavera"]
[Site "Robecchetto con Induno ITA"]
[Date "2011.05.05"]
[Round "5"]
[White "Santarelli, Sabatino"]
[Black "Melino, Gianluca"]
[Result "1/2-1/2"]
[WhiteElo "1654"]
[BlackElo "1769"]
[PlyCount "57"]
[EventDate "2011.04.07"]

1. e4 g6 2. Nf3 Bg7 3. Nc3 d6 4. d4 a6 5. h3 b5 6. a3 Bb7 7. Bd3 Nd7 8. Be3 c5
9. O-O Ngf6 10. d5 O-O 11. Qd2 Qc7 12. Bh6 c4 13. Bxg7 Kxg7 14. Be2 Nc5 15. Qd4
Ncd7 16. b4 cxb3 17. cxb3 Qc5 18. b4 Qxd4 19. Nxd4 Rfc8 20. Rfc1 Ne5 21. Nb3
Rc7 22. Na5 Rac8 23. Nxb7 Rxb7 24. f3 Rbc7 25. Na2 Nc4 26. Bxc4 Rxc4 27. Rxc4
Rxc4 28. Rc1 Rxc1+ 29. Nxc1 1/2-1/2

[Event "VIII Open Primavera"]
[Site "Robecchetto con Induno ITA"]
[Date "2011.05.12"]
[Round "6"]
[White "Libutti, Michele"]
[Black "Ongaro, Andrea"]
[Result "1-0"]
[WhiteElo "1776"]
[BlackElo "1528"]
[PlyCount "111"]
[EventDate "2011.04.07"]

1. d4 Nf6 2. c4 e5 3. dxe5 Ng4 4. Nf3 Bc5 5. e3 Nc6 6. Nc3 Ngxe5 7. Nxe5 Nxe5
8. a3 a5 9. Ne4 Be7 10. b3 O-O 11. Bb2 d6 12. Be2 Kh8 13. O-O f5 14. Ng3 Bf6
15. Qc2 Ng6 16. Bxf6 Qxf6 17. f4 Nh4 18. Bd3 Bd7 19. Rae1 Bc6 20. e4 Rae8 21.
Re2 Qd4+ 22. Kh1 fxe4 23. Bxe4 Bxe4 24. Rxe4 Rxe4 25. Qxe4 Qxe4 26. Nxe4 Re8
27. Re1 c6 28. Re2 Nf5 29. Nc3 Rxe2 30. Nxe2 Kg8 31. Kg1 Kf7 32. Kf2 d5 33.
cxd5 cxd5 34. g4 Nd6 35. Ke3 b5 36. Nc3 b4 37. axb4 axb4 38. Nxd5 Ke6 39. Nxb4
g6 40. Nc6 h5 41. gxh5 gxh5 42. Nd4+ Kd5 43. f5 Ke5 44. b4 h4 45. Nf3+ Kxf5 46.
Nxh4+ Kg4 47. Nf3 Nb5 48. h4 Nd6 49. Ke2 Nb5 50. Kd3 Kh5 51. Kc4 Nd6+ 52. Kc5
Nc8 53. Kc6 Ne7+ 54. Kd7 Nd5 55. b5 Nf6+ 56. Kc6 1-0

[Event "VIII Open Primavera"]
[Site "Robecchetto con Induno ITA"]
[Date "2011.05.12"]
[Round "6"]
[White "Madaschi, Sergio"]
[Black "Macchiettini, Pierangelo"]
[Result "1-0"]
[WhiteElo "1620"]
[BlackElo "1775"]
[PlyCount "39"]
[EventDate "2011.04.07"]

1. d4 d5 2. Nf3 Nf6 3. e3 a6 4. Bd3 c6 5. Nbd2 Nbd7 6. O-O e6 7. c3 h6 8. e4
dxe4 9. Nxe4 Be7 10. h3 Qc7 11. Be3 O-O 12. Qd2 Nxe4 13. Bxe4 Nf6 14. Bd3 Rd8
15. Bf4 Bd6 16. Bxd6 Qxd6 17. Rad1 c5 18. dxc5 Qxc5 19. Qe2 b5 20. Bh7+ 1-0

[Event "VIII Open Primavera"]
[Site "Robecchetto con Induno ITA"]
[Date "2011.05.12"]
[Round "6"]
[White "Novi', Giuseppe"]
[Black "Barrera, Pietro"]
[Result "1-0"]
[WhiteElo "1816"]
[BlackElo "1884"]
[PlyCount "115"]
[EventDate "2011.04.07"]

1. e4 g6 2. d4 Bg7 3. Nf3 d6 4. h3 a6 5. Be3 Nd7 6. Nbd2 b5 7. c3 Bb7 8. Bd3 c5
9. O-O e6 10. Rc1 Ne7 11. a4 c4 12. Bb1 O-O 13. b3 Qc7 14. bxc4 bxc4 15. Ba2 d5
16. e5 Bc6 17. Ra1 Qa5 18. Qc1 Rfb8 19. Bb1 Nb6 20. Nh2 Nf5 21. Bg5 Nxa4 22.
Bc2 Qxc3 23. Bxa4 Qxc1 24. Rfxc1 Bxa4 25. Rxa4 Nxd4 26. Kf1 Bxe5 27. Ng4 Bg7
28. Nh6+ Kf8 29. Ng4 Rb2 30. Nxc4 dxc4 31. Raxc4 Rbb8 32. Nf6 Bxf6 33. Bxf6 Nb3
34. Rd1 Ke8 35. Rc7 Rc8 36. Re7+ Kf8 37. Rdd7 Rc1+ 38. Ke2 Rc2+ 39. Kf3 Nd2+
40. Kf4 g5+ 41. Bxg5 e5+ 42. Kf5 Kg8 43. Rxf7 Rf8 44. Rxf8+ Kxf8 45. Rxd2 Rc5
46. Ke6 Kg7 47. h4 h6 48. Bf6+ Kg6 49. Bxe5 a5 50. Rd5 Rc4 51. f4 Kh5 52. Bc7+
Kxh4 53. Be5 Kg3 54. f5+ Kxg2 55. f6 h5 56. Rxa5 h4 57. f7 Rc8 58. Ke7 1-0

[Event "VIII Open Primavera"]
[Site "Robecchetto con Induno ITA"]
[Date "2011.05.12"]
[Round "6"]
[White "Redamante, Marzio"]
[Black "Bencivenga, Antonio"]
[Result "1-0"]
[WhiteElo "1497"]
[BlackElo "1410"]
[PlyCount "67"]
[EventDate "2011.04.07"]

1. d4 e6 2. Bf4 d5 3. Nf3 Bd6 4. Bxd6 Qxd6 5. e3 Qb4+ 6. Nbd2 Qxb2 7. c4 dxc4
8. Bxc4 Qb4 9. Rb1 Qd6 10. Ne4 Qd8 11. O-O Nf6 12. Nxf6+ Qxf6 13. Qa4+ Bd7 14.
Qb4 b6 15. Ne5 c5 16. Nxd7 cxb4 17. Nxf6+ gxf6 18. Bb5+ Nd7 19. Rfc1 Ke7 20.
Rc7 Rhd8 21. Rxb4 a5 22. Rbc4 Rab8 23. Ra7 Ra8 24. Rb7 Rab8 25. Rcc7 Rxb7 26.
Rxb7 Kd6 27. Bxd7 Rxd7 28. Rxb6+ Kc7 29. Ra6 Rd5 30. Ra7+ Kb6 31. Rxf7 Kb5 32.
Rxf6 Kb4 33. Rxe6 Ka3 34. Re5 1-0

[Event "VIII Open Primavera"]
[Site "Robecchetto con Induno ITA"]
[Date "2011.05.12"]
[Round "6"]
[White "Rigoli, Marco"]
[Black "Colli, Gianmaria"]
[Result "1/2-1/2"]
[WhiteElo "1389"]
[BlackElo "1520"]
[PlyCount "87"]
[EventDate "2011.04.07"]

1. c4 Nf6 2. Nf3 c5 3. Nc3 d6 4. h3 Nc6 5. e3 g6 6. b3 Bg7 7. Rb1 Bf5 8. d3 O-O
9. a3 e5 10. e4 Be6 11. Be2 a6 12. O-O Nd4 13. Nxd4 cxd4 14. Nd5 Nxd5 15. cxd5
Bd7 16. Bg4 Bxg4 17. Qxg4 Rc8 18. Bd2 Rc2 19. Qe2 Qd7 20. Rbc1 Rfc8 21. Rxc2
Rxc2 22. Rc1 Qc7 23. Qd1 Rc5 24. b4 Rxc1 25. Qxc1 Qxc1+ 26. Bxc1 b5 27. f3 f5
28. Bg5 Kf7 29. Kf1 h6 30. Bd2 f4 31. Ke2 g5 32. Kf2 Bf6 33. Kf1 h5 34. Be1 h4
35. Bd2 Ke7 36. Be1 Kd7 37. Bd2 Kc7 38. Be1 Kb7 39. Ke2 Bd8 40. Kd1 a5 41. Kc2
Ka6 42. Kb3 Bc7 43. Bd2 Bb6 44. Be1 1/2-1/2

[Event "VIII Open Primavera"]
[Site "Robecchetto con Induno ITA"]
[Date "2011.05.12"]
[Round "6"]
[White "Turchi, Alessandro"]
[Black "Santarelli, Sabatino"]
[Result "1/2-1/2"]
[WhiteElo "1548"]
[BlackElo "1654"]
[PlyCount "118"]
[EventDate "2011.04.07"]

1. d4 Nf6 2. c4 e6 3. Nf3 Bb4+ 4. Bd2 Bxd2+ 5. Nbxd2 O-O 6. e3 b6 7. Be2 Bb7 8.
O-O d6 9. Qc2 Nbd7 10. Rfe1 Re8 11. Bd3 h6 12. Rab1 c5 13. b4 Qc7 14. bxc5 dxc5
15. Rb2 Rab8 16. Reb1 g5 17. h3 Bc6 18. Be4 Nxe4 19. Nxe4 f5 20. Ned2 Kg7 21.
d5 exd5 22. cxd5 Bxd5 23. Qxf5 Nf6 24. Qc2 Qe7 25. Re1 Ne4 26. Nxe4 Qxe4 27.
Qxe4 Bxe4 28. Nd2 Rbd8 29. Nxe4 Rxe4 30. f3 Ree8 31. e4 Kf6 32. g3 Rd3 33. Kg2
c4 34. f4 gxf4 35. gxf4 c3 36. e5+ Kf5 37. Rf2 b5 38. Rf3 Rg8+ 39. Kf2 Rd2+ 40.
Re2 b4 41. Rxd2 cxd2 42. Ke2 Rg2+ 43. Kd1 a5 44. Rd3 Rf2 45. Rxd2 Rxf4 46. Re2
Ke6 47. Kd2 Rf5 48. Kd3 Rf3+ 49. Kc4 Rxh3 50. Kb5 Ra3 51. Kc4 h5 52. Rh2 Kxe5
53. Rxh5+ Kf4 54. Rh2 Kg3 55. Rd2 Kf3 56. Rd3+ Ke4 57. Rxa3 bxa3 58. Kb3 Kd4
59. Kxa3 Kc5 1/2-1/2

[Event "VIII Open Primavera"]
[Site "Robecchetto con Induno ITA"]
[Date "2011.05.12"]
[Round "6"]
[White "Turini, Gianluca"]
[Black "Salerno, Christian"]
[Result "0-1"]
[WhiteElo "1809"]
[BlackElo "1546"]
[PlyCount "46"]
[EventDate "2011.04.07"]

1. d4 d5 2. c4 c6 3. Nc3 Nf6 4. Nf3 e6 5. Bg5 dxc4 6. e4 b5 7. Be2 Nbd7 8. O-O
Bb7 9. e5 h6 10. Bh4 g5 11. Nxg5 hxg5 12. Bxg5 Qc7 13. f4 Nh7 14. Bh5 Nxg5 15.
fxg5 O-O-O 16. Bxf7 Nxe5 17. Bxe6+ Kb8 18. Rf5 Bc5 19. Qe2 Bxd4+ 20. Kh1 Nd3
21. h3 Rde8 22. g6 Qd6 23. g7 Bxg7 0-1

[Event "VIII Open Primavera"]
[Site "Robecchetto con Induno ITA"]
[Date "2011.05.19"]
[Round "7"]
[White "Barrera, Pietro"]
[Black "Madaschi, Sergio"]
[Result "1-0"]
[WhiteElo "1884"]
[BlackElo "1620"]
[PlyCount "57"]
[EventDate "2011.04.07"]

1. d4 d5 2. Nf3 Nf6 3. Bg5 Nbd7 4. e3 e6 5. Bd3 c5 6. c3 b6 7. Nbd2 Be7 8. O-O
Bb7 9. Re1 Ne4 10. Bf4 O-O 11. h3 h6 12. Ne5 Ndf6 13. f3 Nxd2 14. Qxd2 c4 15.
Bc2 b5 16. e4 dxe4 17. fxe4 Rb8 18. Nf3 Nh7 19. Bxb8 Qxb8 20. e5 Ng5 21. Nxg5
Bxg5 22. Qe2 Bh4 23. Rf1 Qa8 24. Rf4 Be7 25. Raf1 Qe8 26. Qg4 Bg5 27. Re4 f5
28. exf6 Bxe4 29. Qxe4 1-0